| 000 | 01123nam0a22002891 4500 | ||
|---|---|---|---|
| 001 | rc\3590064 | ||
| 005 | 20250610044847.0 | ||
| 021 |
_aRU _b70-54269 |
||
| 021 |
_aRU _bРг398-71 |
||
| 035 | _a(NLR Aleph) 007701931 | ||
| 090 |
_a6755980 _c6755980 |
||
| 100 | _a20130115d1970 |||y0rusy50 ca | ||
| 101 | 0 | _arus | |
| 102 | _aRU | ||
| 105 | _aa j ||||| | ||
| 200 | 1 |
_aЖелезобетонные конструкции _e(Общий курс) _e[Учебник] _fВоен. инж. ордена Ленина Краснознам. акад. им. В.В. Куйбышева |
|
| 210 |
_aМосква _cБ. и. _d1970 |
||
| 215 |
_a371 с. _cил. _d22 |
||
| 300 | _aПеред загл. авт.: д-р техн. наук, проф., инж.-полк. Н.Н. Попов | ||
| 320 | _aБиблиогр.: с. 365-366 | ||
| 700 | 1 |
_aПопов _bН. Н. _cд-р техн. наук, строит. конструкции _gНиколай Николаевич _9245760 _3RU\NLR\AUTH\770245816 |
|
| 801 | 0 |
_aRU _bNLR _gpsbo |
|
| 801 | 1 |
_aRU _bELAR _2rusmarc |
|
| 852 |
_aNLR _j70-5/3428 |
||
| 942 | _cBOOK | ||
| 980 | _aNB | ||